书目信息 |
| 题名: |
猛兽
|
|
| 作者: | 张文群 , 张福荣 编著 | |
| 分册: | ||
| 出版信息: | 哈尔滨 东北林业大学出版社 2000.07 |
|
| 页数: | 148页, [4]页图版 | |
| 开本: | 20cm | |
| 丛书名: | 野生动物知识丛书 | |
| 单 册: | ||
| 中图分类: | Q959.8-49 | |
| 科图分类: | ||
| 主题词: | 哺乳动物纲--bu ru dong wu gang--普及读物 | |
| 电子资源: | ||
| ISBN: | 7-81076-021-1 | |
| 000 | 00925nam 2200253 450 | |
| 001 | 012007235529 | |
| 005 | 20070509105736.78 | |
| 010 | @a7-81076-021-1@dCNY10.00 | |
| 100 | @a20070405d2000 km y0chiy0120 ea | |
| 101 | 0 | @achi |
| 102 | @aCN@b230000 | |
| 105 | @aaf z 000yy | |
| 200 | 1 | @a猛兽@Ameng shou@f张文群, 张福荣编著@Fzhang wen qun,zhang fu rong bian zhu |
| 210 | @a哈尔滨@c东北林业大学出版社@d2000.07 | |
| 215 | @a148页, [4]页图版@c图@d20cm | |
| 225 | 2 | @a野生动物知识丛书@Aye sheng dong wu zhi shi cong shu |
| 330 | @a本书对猫科动物、犬科动物、鬣狗科动物、熊科动物、鼬科动物的形态、地理分布、生境习性、繁殖迁徙、种群状况等均作了简单的描述。 | |
| 410 | 0 | @12001 @a野生动物知识丛书 |
| 606 | 0 | @a哺乳动物纲@Abu ru dong wu gang@x普及读物 |
| 690 | @aQ959.8-49@v4 | |
| 701 | 0 | @a张文群@Azhang wen qun@4编著 |
| 701 | 0 | @a张福荣@Azhang fu rong@4编著 |
| 801 | 0 | @aCN@c20070509 |
| 905 | @a10447@dQ959.8-49@eZ195 | |
| 猛兽/张文群, 张福荣编著.-哈尔滨:东北林业大学出版社,2000.07 |
| 148页, [4]页图版:图;20cm.-(野生动物知识丛书) |
| ISBN 7-81076-021-1:CNY10.00 |
| 本书对猫科动物、犬科动物、鬣狗科动物、熊科动物、鼬科动物的形态、地理分布、生境习性、繁殖迁徙、种群状况等均作了简单的描述。 |
| ● |
| 相关链接 |
|
|
|
正题名:猛兽
索取号:Q959.8-49/Z195
 
预约/预借
| 序号 | 登录号 | 条形码 | 馆藏地/架位号 | 状态 | 备注 |
| 1 | 239782 | 202397824 | 期刊室512/401自科库 37排4列4层/ [索取号:Q959.8-49/Z195] | 在馆 | |
| 2 | 239783 | 202397833 | 自科库401/401自科库 37排4列4层/ [索取号:Q959.8-49/Z195] | 在馆 | |
| 3 | 239784 | 202397842 | 期刊室512/401自科库 37排4列4层/ [索取号:Q959.8-49/Z195] | 在馆 |